Supply chain logistics management/ (Record no. 1917)
[ view plain ]
| 000 -LEADER | |
|---|---|
| fixed length control field | 00721nam a22002297a 4500 |
| 003 - CONTROL NUMBER IDENTIFIER | |
| control field | OSt |
| 005 - DATE AND TIME OF LATEST TRANSACTION | |
| control field | 20210726105909.0 |
| 008 - FIXED-LENGTH DATA ELEMENTS--GENERAL INFORMATION | |
| fixed length control field | 210726b |||||||| |||| 00| 0 eng d |
| 020 ## - INTERNATIONAL STANDARD BOOK NUMBER | |
| International Standard Book Number | 9789353162580 |
| Terms of availability | 800.00 |
| 040 ## - CATALOGING SOURCE | |
| Transcribing agency | IIMV |
| 082 ## - DEWEY DECIMAL CLASSIFICATION NUMBER | |
| Classification number | 658.7 |
| Item number | BOW |
| 100 1# - MAIN ENTRY--PERSONAL NAME | |
| Personal name | Bowersox, Donald J. |
| 9 (RLIN) | 1651 |
| 245 1# - TITLE STATEMENT | |
| Title | Supply chain logistics management/ |
| Statement of responsibility, etc. | by Donald J. Bowersox, David J. Closs, M. Bixby Cooper and John C. Bowersox. |
| 250 ## - EDITION STATEMENT | |
| Edition statement | 4th ed. |
| 260 ## - PUBLICATION, DISTRIBUTION, ETC. | |
| Place of publication, distribution, etc. | Chennai, India: |
| Name of publisher, distributor, etc. | McGraw Hill Education (India) Pvt Ltd., |
| Date of publication, distribution, etc. | 2019. |
| 300 ## - PHYSICAL DESCRIPTION | |
| Extent | xii, 484p. |
| 650 1# - SUBJECT ADDED ENTRY--TOPICAL TERM | |
| Topical term or geographic name entry element | Business logistics |
| 9 (RLIN) | 1652 |
| 700 1# - ADDED ENTRY--PERSONAL NAME | |
| Personal name | Closs, David J. |
| 9 (RLIN) | 1653 |
| 700 1# - ADDED ENTRY--PERSONAL NAME | |
| Personal name | Cooper, M. Bixby |
| 9 (RLIN) | 1654 |
| 700 1# - ADDED ENTRY--PERSONAL NAME | |
| Personal name | Bowersox, John C. |
| 9 (RLIN) | 1655 |
| 942 ## - ADDED ENTRY ELEMENTS (KOHA) | |
| Source of classification or shelving scheme | Dewey Decimal Classification |
| Koha item type | Book |
| Date last seen | Total Checkouts | Full call number | Barcode | Date last checked out | Cost, replacement price | Price effective from | Koha item type | Lost status | Source of classification or shelving scheme | Damaged status | Not for loan | Withdrawn status | Home library | Current library | Shelving location | Date acquired | Source of acquisition | Cost, normal purchase price |
|---|---|---|---|---|---|---|---|---|---|---|---|---|---|---|---|---|---|---|
| 11/06/2025 | 1 | 658.7 BOW | C00401 | 10/24/2025 | 800.00 | 07/26/2021 | Book | Dewey Decimal Classification | Indian Institute of Management Visakhapatnam | Indian Institute of Management Visakhapatnam | 07/26/2021 | Donated by Publisher | 800.00 |